书目信息 |
| 题名: |
整体橱柜设计与制造
|
|
| 作者: | 张继娟 , 张绍明 著 | |
| 分册: | ||
| 出版信息: | 北京 中国林业出版社 2016 |
|
| 页数: | 193页 | |
| 开本: | 28cm | |
| 丛书名: | ||
| 单 册: | ||
| 中图分类: | TS665.2 | |
| 科图分类: | ||
| 主题词: | 箱柜--xiang gui--设计 , 箱柜--xiang gui--制造 | |
| 电子资源: | ||
| ISBN: | 978-7-5038-6642-5 | |
| 000 | 01062nam0 2200289 450 | |
| 001 | CAL 012016053453 | |
| 005 | 20170510094558.0 | |
| 010 | @a978-7-5038-6642-5@b@dCNY49.80 | |
| 100 | @a20160420d2016 em y0chiy50 ea | |
| 101 | 0 | @achi |
| 102 | @aCN@b110000 | |
| 105 | @aa a 000yy | |
| 106 | @ar | |
| 200 | 1 | @a整体橱柜设计与制造@Azheng ti chu gui she ji yu zhi zao@d= Design and manufacture of integrated cabinet@f张继娟, 张绍明著@g@zeng |
| 210 | @a北京@c中国林业出版社@d2016 | |
| 215 | @a193页@c图 (部分彩图)@d28cm | |
| 320 | @a有书目 | |
| 330 | @a本书主要内容包括: 整体厨柜概述 ; 整体厨柜的常用材料及配件 ; 整体厨柜的造型与功能设计 ; 整体厨柜的结构与标准化设计 ; 整体厨柜设计实务 ; 整体厨柜的加工与制造等。 | |
| 510 | 1 | @aDesign and manufacture of integrated cabinet@zeng |
| 606 | 0 | @a箱柜@Axiang gui@x设计 |
| 606 | 0 | @a箱柜@Axiang gui@x制造 |
| 690 | @aTS665.2@v5 | |
| 701 | 0 | @a张继娟@Azhang ji juan@4著 |
| 701 | 0 | @a张绍明@Azhang shao ming@4著 |
| 801 | 0 | @aCN@bMUSE@c20181206@g |
| 905 | @aBZT@dTS665.2@e1 | |
| 906 | @dCNY49.80@n3@r1 | |
| 整体橱柜设计与制造= Design and manufacture of integrated cabinet/张继娟, 张绍明著.-北京:中国林业出版社,2016 |
| 193页:图 (部分彩图);28cm |
| ISBN 978-7-5038-6642-5:CNY49.80 |
| 本书主要内容包括: 整体厨柜概述 ; 整体厨柜的常用材料及配件 ; 整体厨柜的造型与功能设计 ; 整体厨柜的结构与标准化设计 ; 整体厨柜设计实务 ; 整体厨柜的加工与制造等。 |
| ● |
| 相关链接 |
|
|
|
正题名:整体橱柜设计与制造
索取号:TS665.2/1
 
预约/预借
| 序号 | 登录号 | 条形码 | 馆藏地/架位号 | 状态 | 备注 |
| 1 | 857595 | 2000857595 | 第二书库/ [索取号:TS665.2/1] | 在馆 | |
| 2 | 857596 | 2000857596 | 第二书库/ [索取号:TS665.2/1] | 在馆 | |
| 3 | 857597 | 2000857597 | 第二书库/ [索取号:TS665.2/1] | 在馆 |